Los métodos estructuralistas en las ciencias sociales /
| Autor principal: | |
|---|---|
| Formato: | Libro |
| Lenguaje: | español |
| Publicado: |
Buenos Aires:
Amorrortu Editores,
1965
|
| Materias: |
MARC
| LEADER | 00000nam a2200000Ia 4500 | ||
|---|---|---|---|
| 008 | 170606b1965 ag ||||| |||| 00| 0 spa d | ||
| 999 | |c 1312 |d 1312 | ||
| 090 | |a 05.01.01 |b 1195 | ||
| 100 | 1 | |a Viet, Jean |9 2903 | |
| 245 | 1 | 4 | |a Los métodos estructuralistas en las ciencias sociales / |c Jean Viet |
| 260 | |a Buenos Aires: |b Amorrortu Editores, |c 1965 | ||
| 300 | |a 284 páginas | ||
| 650 | 1 | 4 | |a CIENCIAS SOCIALES |9 276 |
| 942 | |i 001728 |h 05.01.01 1195 |2 z |c 01 | ||
